Quiz sur le film Harry Potter et les Reliques de la Mort P1 - Statistiques

Statistiques générales
  • Ce quiz a été pris 56 fois
    42 depuis la dernière actualisation
  • Le résultat moyen est 8 sur 16
Statistiques - réponses
Information Réponse % Correct
Actrice (HG) Emma Watson
100%
Acteur (HP) Daniel Radcliffe
92%
Année de sortie 2010
89%
Acteur (RW) Rupert Grint
86%
Acteur (SR) Alan Rickman
72%
Acteur (V) Ralph Fiennes
69%
Acteur (AD) Michael Gambon
64%
Distributeur Warner Bros
58%
Titre original Harry Potter and the Deathly Hallows : Part 1
50%
Producteur David Heyman, David Barron et JK Rowling
39%
Réalisateur David Yates
39%
Musiques Alexandre Desplat
28%
Durée 145 minutes
25%
Scénariste Steve Kloves ( D'après le livre de JK Rowling)
19%
Budget 125 000 000 $
8%
Entrée au box office (France) 5 890 554 entrées
6%
Aucun quiz correspondant
Distribution des résultats
% des personnes avec chaque résultat
Percentile par nombre de réponses
Votre historique - résultats
Vous n’avez pas pris ce quiz depuis la dernière actualisation